| 000 | 00900cab a2200253 4500 | ||
|---|---|---|---|
| 001 | ABS48625 | ||
| 008 | 090401t1993 xxu||||| |||| 00| 0 eng d | ||
| 035 | _a(Sirsi) u67634 | ||
| 041 | _aeng | ||
| 100 | _aShiner, P. | ||
| 245 | _aAffordable housing and development plans | ||
| 260 | _c1993 | ||
| 350 | _a0 | ||
| 490 |
_aLegal Action _vMay 1993, 11-14(4) |
||
| 520 | _aFirst in a series of articles suggesting ways in which practitioners can take a proactive role in the community as regards affordable housing. This article shows the opportunities to influence housing provision in the planning process. References. | ||
| 650 | _aDEVELOPMENT PLANS | ||
| 650 | _aPLANNING POLICY GUIDANCE NOTE 3 | ||
| 650 | _aPPG3 | ||
| 650 | _aTOWN AND COUNTRY PLANNING ACT 1900 S106 | ||
| 650 | _aTOWN AND COUNTRY PLANNING ACT 1990 S54A | ||
| 690 | _aHOUSING | ||
| 942 | _n0 | ||
| 948 | _c04/03/1997 | ||
| 999 |
_c42331 _d42331 |
||